000 00493nam a22001937a 4500
003 OSt
005 20140310182827.0
008 130529t xxu||||| |||| 00| 0 eng d
050 _aBP 178
_b.M214 1994
082 _aM 297.3
_bM27 1994
245 _aPrayer in Islam
_cMahama, Adam
260 _aRiyadh, Saudi Arabia
_bWorld Assembly of Muslim Youth
_cc1994
300 _a107 p.
_c17 cm.
521 _aCollege students
526 _cc1693
541 _j1
562 _e1
942 _2lcc
_cBK
_kM
999 _c16520
_d16520